| 000 | 00386nam a22001457a 4500 | ||
|---|---|---|---|
| 020 | _qHB. | ||
| 040 | _cFIZZA ISHAQ | ||
| 082 |
_a005.10685 _bCAR |
||
| 100 |
_aMELLON, CARNEGIE. _989622 |
||
| 245 |
_aCAPABILITY MATURITY MODEL GUIDELINES FOR IMPROVING / _cCARNEGIE MELLON. |
||
| 250 | _a1st ED. | ||
| 260 |
_aNEW YORK _bADDISON WESLEY, _c1995. |
||
| 300 | _a440 P. ; | ||
| 942 |
_2ddc _cBK |
||
| 999 |
_c588267 _d588267 |
||